[Event "Panchenko Memorial-B 2018"]
[Site "Chelyabinsk"]
[Date "2018.10.08"]
[Round "3"]
[White "Sitnikov, Anton"]
[Black "Tologontegin, Semetey"]
[Result "0-1"]
[WhiteElo "2446"]
[BlackElo "2419"]
[Annotator "TA"]
[PlyCount "100"]
[EventDate "2018.10.06"]
[EventCountry "RUS"]
[SourceTitle "playchess.com"]
[Source "ChessBase"]
[SourceQuality "1"]

{[%evp 18,100,-15,-33,-37,-36,-31,-80,-54,-63,-51,-100,-98,-104,-89,-103,-112,-106,-107,-105,-54,-56,-47,-50,-15,-26,-25,-25,-25,-42,42,0,49,33,34,32,46,-15,62,-64,0,-10,0,0,0,0,54,52,62,15,37,31,51,0,89,70,296,295,267,-2,454,0,0,0,0,-106,-97,-117,0,0,479,-219,-218,-216,29992,-762,-712,-997,-491,-490,-484,-477,-464,-621,-612]} 1. e4 c5 2. Nc3 e6 3. Nf3 a6 4. g3 b5 5. Bg2 Bb7 6. Qe2 {B40: Sicilian: 2...e6, Unusual lines} (6. d3 d5 7. exd5 exd5 8. O-O Be7 9. Re1 Nf6 10. Nh4 O-O 11. Nf5 Bd6 12. Bg5 h6 13. Nxd6 Qxd6 14. Bxf6 Qxf6 15. Nxd5 Bxd5 16. Bxd5 {1-0 (52) Aronian,L (2767)-Caruana,F (2822) chess.com INT 2018}) 6... Nc6 7. O-O d6 8. d3 Nf6 9. h3 Be7 10. Be3 {LiveBook: 3 Games} O-O 11. Rae1 $146 ({Predecessor:} 11. a3 Qc7 12. Rac1 Rfe8 13. Rfe1 Bf8 {½-½ (57) Lau,R (2481)-Schmaltz,R (2528) Germany 2004}) 11... Rc8 12. g4 b4 13. Nb1 d5 14. e5 Nd7 15. Bf4 Nd4 16. Nxd4 cxd4 17. Bg3 Qa5 18. a3 bxa3 (18... Rc7 $17 19. axb4 Bxb4) 19. Nxa3 $15 Bxa3 20. bxa3 Qa4 21. Rc1 Rc3 22. f4 Rfc8 23. f5 Nc5 (23... Rxc2 $15 24. Rxc2 Qxc2) 24. Bf4 ({Don't play} 24. fxe6 Nxe6 25. Bf3 a5 $17) 24... Qxa3 {[%cal Rc5d3]} 25. Qd2 Nd7 26. Qf2 {[%mdl 1024] White has compensation.} Qf8 27. Kh1 (27. f6 $14) 27... Qe8 (27... a5 $11) 28. Qe2 (28. f6 $1 $14) 28... R3c7 (28... a5 $15) 29. h4 {[%cal Bh3h4,Bh4h5,Bh5h6][%mdl 32]} Bc6 30. Ra1 $1 Bb5 31. Ra2 $1 Nb6 (31... Rc3 $11) 32. Qf2 $1 $14 Nd7 33. Re1 Nb8 34. h5 Ba4 {[%cal Rc7c2]} 35. Re2 $1 Qb5 (35... a5 $1 $11 {remains equal.}) 36. Kh2 $16 Nc6 $2 ({Black should play} 36... Qe8 $14) 37. h6 $18 Nb4 38. Rb2 $2 (38. Qh4 $1 $18) 38... Rxc2 $2 {[%mdl 8192]} ({Much worse is} 38... Bxc2 $6 39. Qh4 $16) (38... a5 $1 $11 {and Black is okay.}) 39. Rexc2 $2 ({Only move:} 39. Qh4 $1 $18 {[%cal Rh4g5]} Qc5 40. Rexc2 Nxc2 41. fxe6 fxe6 42. Rb7 (42. hxg7 Bb5 $14)) 39... Rxc2 $11 40. Rxc2 Bxc2 41. Qh4 (41. hxg7 $11 {keeps the balance.} Qc6 42. Qh4) 41... Qe8 $1 $17 42. Bc1 exf5 (42... Bxd3 $17 43. Qg5 Qf8 44. hxg7 Qc8) 43. gxf5 $11 Nxd3 $2 {[%mdl 8192] [#]} (43... Qxe5+ $11 {and Black stays safe.} 44. Bf4 Qf6) 44. Kg1 $4 {[%mdl 8192]} (44. e6 $1 $18 {[%cal Re6f7] Intending exf7+ and mate.} fxe6 45. Qg3) 44... Nxc1 $19 45. Qg5 {[%csl Gh6][%cal Rg5g7]} g6 $4 {[%mdl 8192] [#]} (45... Ne2+ $19 46. Kf2 g6 47. Qf6 Qf8 48. e6 Nf4 49. e7 Nd3+ 50. Kf1 Qxh6 51. e8=Q+ Qf8 52. Qfxf7+ Kh8 53. Qfxf8#) 46. Bxd5 $4 {[%mdl 8192]} (46. Qf6 $1 {was the only winning move.} Ne2+ 47. Kf2 Qf8 48. e6 Nf4 49. e7 Nh3+ 50. Bxh3 Qxh6 51. e8=Q+ Qf8 52. Qfxf7+ Kh8 53. Qfxf8#) 46... Bxf5 {Black is clearly winning.} 47. Qf6 Ne2+ (47... Qf8 $142 48. Bf3 Nd3) 48. Kf2 {[%csl Gh6][%cal Rf6g7]} Qf8 49. Kxe2 d3+ 50. Kf3 Be6 {Precision: White = 36%, Black = 36%.} 0-1

[Event "Panchenko Memorial-B 2018"]
[Site "Chelyabinsk"]
[Date "2018.10.08"]
[Round "3"]
[White "Frolov, Artiom"]
[Black "Mokin, Nikolai"]
[Result "1-0"]
[WhiteElo "2383"]
[BlackElo "2253"]
[Annotator "NA"]
[PlyCount "75"]
[EventDate "2018.10.06"]
[EventCountry "RUS"]
[SourceTitle "playchess.com"]
[Source "ChessBase"]
[SourceQuality "1"]

1. e4 c5 2. Nf3 d6 3. d4 cxd4 4. Nxd4 Nf6 5. Nc3 a6 6. Bg5 e6 7. f4 Be7 8. Qf3 Qc7 9. O-O-O Nbd7 10. g4 b5 11. Bxf6 Nxf6 12. g5 Nd7 13. f5 Bxg5+ 14. Kb1 Ne5 15. Qh5 Qe7 16. Nxe6 Bxe6 17. fxe6 g6 18. exf7+ Kxf7 19. Qh3 Kg7 20. Nd5 Qd8 21. Qc3 Ra7 22. Qa3 Qb8 23. h4 Bh6 24. h5 Rf8 25. hxg6 hxg6 26. Bh3 Rf3 27. Qb4 Raf7 28. Be6 Rf8 29. Qd4 Qb7 30. Rdg1 a5 31. Bf5 Kh7 32. Qd2 Qg7 33. Nc7 Nc4 34. Qxh6+ Qxh6 35. Bxg6+ Kg8 36. Bf5+ Qg7 37. Rxg7+ Kxg7 38. Ne6+ 1-0

[Event "Panchenko Memorial-B 2018"]
[Site "Chelyabinsk"]
[Date "2018.10.08"]
[Round "3"]
[White "Salemgareev, Tagir"]
[Black "Gnusarev, Pavel"]
[Result "1-0"]
[WhiteElo "2381"]
[BlackElo "2320"]
[Annotator "NA"]
[PlyCount "87"]
[EventDate "2018.10.06"]
[EventCountry "RUS"]
[SourceTitle "playchess.com"]
[Source "ChessBase"]
[SourceQuality "1"]

1. d4 Nf6 2. c4 e6 3. Nc3 Bb4 4. e3 O-O 5. Nf3 b6 6. Bd3 Bb7 7. O-O c5 8. Na4 cxd4 9. exd4 Re8 10. Bf4 Bf8 11. Re1 d6 12. Rc1 Nbd7 13. Nc3 a6 14. h3 Rc8 15. Bh2 Qc7 16. Ng5 Qb8 17. Nge4 e5 18. Nxf6+ Nxf6 19. Bf1 Bc6 20. b4 Nd7 21. dxe5 Nxe5 22. Qd4 b5 23. cxb5 axb5 24. a3 Qb7 25. Bxe5 dxe5 26. Rxe5 Rxe5 27. Qxe5 Qa8 28. Nxb5 Bxb5 29. Rxc8 Qxc8 30. Qxb5 Qc1 31. Qd3 g6 32. g3 h5 33. h4 Be7 34. Kg2 Qb2 35. Qd5 Qf6 36. Bc4 Kg7 37. Qf3 Qxf3+ 38. Kxf3 f5 39. Ke3 Bf6 40. Kd3 f4 41. a4 fxg3 42. fxg3 Kf8 43. a5 Ke7 44. a6 1-0

[Event "Panchenko Memorial-B 2018"]
[Site "Chelyabinsk"]
[Date "2018.10.08"]
[Round "3"]
[White "Tosic, Miroslav"]
[Black "Smorchkov, Danil"]
[Result "1/2-1/2"]
[WhiteElo "2364"]
[BlackElo "2208"]
[Annotator "NA"]
[PlyCount "39"]
[EventDate "2018.10.06"]
[EventCountry "RUS"]
[SourceTitle "playchess.com"]
[Source "ChessBase"]
[SourceQuality "1"]

1. d4 Nf6 2. Nf3 e6 3. g3 d5 4. c4 dxc4 5. Bg2 a6 6. O-O Nc6 7. e3 Bd7 8. Qe2 b5 9. e4 Be7 10. Rd1 Nb4 11. Ne5 O-O 12. a3 Nc6 13. Nc3 Qc8 14. Bg5 Rd8 15. Nxc6 Bxc6 16. d5 Be8 17. h4 e5 18. f4 Bd6 19. Rf1 Bd7 20. f5 1/2-1/2

[Event "Panchenko Memorial-B 2018"]
[Site "Chelyabinsk"]
[Date "2018.10.08"]
[Round "3"]
[White "Radzhabov, Rodion"]
[Black "Khusenkhojaev, Muhammad"]
[Result "0-1"]
[WhiteElo "2297"]
[BlackElo "2443"]
[Annotator "TA"]
[PlyCount "88"]
[EventDate "2018.10.06"]
[EventCountry "RUS"]
[SourceTitle "playchess.com"]
[Source "ChessBase"]
[SourceQuality "1"]

{[%evp 19,88,0,31,17,42,8,14,0,0,12,22,0,0,-17,6,4,7,-12,0,-50,-50,-50,-50,-50,-50,-46,-48,-54,-50,-46,-28,-194,-208,-193,-174,-298,-276,-274,-283,-345,-343,-309,-201,-201,-201,-206,-206,-194,-129,-129,-133,-212,-206,-236,-236,-236,-236,-450,-392,-1018,-1105,-1021,-962,-962,-728,-1548,-1601,-5265,-5073,-5073,-4923]} 1. d4 Nf6 2. Nf3 b6 3. Bf4 Bb7 4. e3 c5 5. Nbd2 g6 6. Bd3 Bg7 7. O-O O-O 8. c3 d6 9. h3 Nbd7 10. Bh2 {A48: Königsindisch (ohne c2-c4)} Qc7 {LiveBook: 4 Partien} 11. a4 (11. e4 e5 12. Re1 {1-0 (57) Le,Q (2739)-Nakamura,H (2792) Saint Louis 2017}) 11... a6 12. e4 {Weiß steht etwas besser.} c4 13. Bc2 e5 $146 ({Vorgänger:} 13... b5 14. e5 dxe5 15. dxe5 {0-1 (37) Candy,R-Monsieux,C (2080) Amiens 2001}) 14. Re1 Rfe8 15. Qb1 Rac8 16. Nf1 h5 17. Ra3 Bh6 18. N3d2 Kg7 19. dxe5 dxe5 20. Ne3 b5 21. axb5 axb5 22. b4 Ra8 $36 {[%mdl 2048] Schwarz hat gut koordiniertes Spiel.} 23. Rxa8 Bxa8 24. Nf3 Qa7 25. Nd5 $2 (25. Re2 $11) 25... Bxd5 $19 ({Jedoch nicht} 25... Nxd5 26. exd5 Bxd5 27. Be4 $17) 26. exd5 Nxd5 27. Rxe5 (27. Qb2 $142) 27... Nxe5 28. Bxe5+ Kh7 29. Qd1 Nf4 30. Qd6 Nd3 31. Bxd3 cxd3 32. Qxd3 Qa1+ 33. Qf1 {[#]} Qxf1+ (33... Ra8 $1 $19 34. Bd4 Bg7 35. Qxa1 Rxa1+ 36. Kh2 Rc1) 34. Kxf1 {[%mdl 4096] Endspiel KTL-KLS} g5 35. g4 {[#]} (35. Bd4 $17) 35... f5 $1 {[%cal Rf5g4][%mdl 512]} 36. Bd4 (36. gxf5 g4) 36... fxg4 37. hxg4 hxg4 38. Ne5 $2 (38. Ne1 {war nötig.}) 38... Bg7 39. Nxg4 $2 (39. Nc6 Re6 40. Bxg7 Rxc6 41. Bd4) 39... Bxd4 {Schwarz steht klar auf Gewinn.} 40. cxd4 {KT-KS} Kg6 41. Ne3 Rd8 42. d5 Kf6 43. Kg2 Ke5 44. Kg3 Rf8 {Precision: Weiß = 26%, Schwarz = 71%.} 0-1

[Event "Panchenko Memorial-B 2018"]
[Site "Chelyabinsk"]
[Date "2018.10.09"]
[Round "4"]
[White "Tologontegin, Semetey"]
[Black "Radzhabov, Rodion"]
[Result "1/2-1/2"]
[WhiteElo "2419"]
[BlackElo "2297"]
[Annotator "TA"]
[PlyCount "114"]
[EventDate "2018.10.06"]
[EventCountry "RUS"]
[SourceTitle "playchess.com"]
[Source "ChessBase"]
[SourceQuality "1"]

{[%evp 13,114,6,21,0,4,-31,-23,-30,-27,-38,-36,-44,-38,-50,-44,-53,-56,-56,-52,-68,-60,-71,-40,-49,-1,-6,-8,-22,11,-21,-15,-31,-18,-54,-50,-74,-5,-28,-22,-66,-27,-47,-19,-103,0,-389,-386,-387,-295,-293,-308,-277,-281,-322,-302,-737,-712,-895,-889,-1082,-1087,-1529,-1522,-3523,-841,-833,-831,-790,-787,-762,-683,-604,-578,-642,-462,-522,-522,-514,-511,-849,-849,-849,-831,-857,-612,-775,-102,-102,-102,-102,-102,-102,0,-102,-102,-102,-102,-102,0,-102,-102,-109,0]} 1. e4 c5 2. Nc3 e6 3. Nf3 Nc6 4. g3 Nf6 5. Bg2 a6 6. O-O Qc7 7. a4 {B40: Sicilian: 2...e6, Unusual lines} (7. Re1 h5 8. d3 d6 9. Bg5 Ng4 10. Nh4 b5 11. h3 Nf6 12. Nf3 Bb7 13. a4 b4 14. Nb1 Nh7 {0-1 (54) Salgado Lopez,I (2627)-Cheparinov,I (2688) Minsk 2017 CBM 179 [Roiz,M]}) 7... Be7 {LiveBook: 3 Games} 8. d3 O-O 9. Ng5 {The position is equal.} d6 10. f4 Rb8 11. h3 $146 ({Predecessor:} 11. Be3 b5 12. axb5 axb5 13. f5 b4 14. Ne2 exf5 15. exf5 Bb7 16. Nf4 Ne5 17. Nf3 {½-½ (41) Talmon,T-Schwab,P Karlsruhe/Schoeneck 2000}) 11... b5 12. axb5 axb5 13. Ne2 Bb7 14. g4 Ra8 15. Rb1 d5 16. e5 Nd7 17. h4 Nd8 18. Ng3 d4 19. Qe2 Bxg2 20. Qxg2 Qc6 21. Qe2 Qd5 22. Bd2 c4 23. Kh2 Nc6 24. Nf3 Rfe8 (24... Ra2 $17) 25. g5 Nc5 26. Nh5 Kh8 $1 $36 {[%mdl 2048] White is under pressure.} 27. Rg1 Rg8 {[#]} 28. Rg3 {[#]} (28. Nf6 $1 $11 {[%mdl 512] remains equal.} gxf6 29. gxf6 Bxf6 30. exf6) 28... Ra2 (28... cxd3 $1 $17 29. cxd3 Qb3) 29. Ng1 $2 {[%mdl 8192] [#]} (29. Nf6 $11 {and White is okay.} cxd3 30. Nxd5 dxe2 31. Nxe7 Nxe7 32. Bb4) 29... c3 $1 $19 {[%mdl 512]} 30. Bc1 (30. bxc3 Rxc2) 30... cxb2 31. Rxb2 Ra1 32. Bd2 Na4 33. Rb3 Qc5 34. Nf3 $2 (34. Rg2) 34... Qxc2 35. Nf6 Qxb3 36. Qe4 gxf6 37. gxf6 Rxg3 38. Qxc6 Qd5 39. Qxd5 exd5 40. Kxg3 Bc5 41. f5 Nb6 42. e6 Nc8 43. Ng5 Rg1+ 44. Kf2 {[#]} Rxg5 $1 45. hxg5 (45. Bxg5 Nd6) 45... Nd6 46. e7 (46. Kf3 $142 Nxf5 47. exf7) 46... Ne8 47. Ke2 {[#]} h6 $1 48. Kd1 (48. gxh6 Nxf6) 48... Bd6 49. Kc2 h5 $2 (49... hxg5 $19 50. Bxg5 Be5) 50. Be1 $17 Kg8 51. Bh4 Bb4 52. Kb3 Bc5 (52... Bd2 $17 53. Ka3 Kh7) 53. Kc2 (53. Bf2 $1 $11) 53... Bd6 54. Kb3 Nc7 55. Kc2 Ne8 56. Kb3 $1 Kh7 57. Kc2 Kg8 {Precision: White = 29%, Black = 68%.} ({Better is} 57... Bf4 $17 58. Kb2 Nc7) 1/2-1/2

[Event "Panchenko Memorial-B 2018"]
[Site "Chelyabinsk"]
[Date "2018.10.09"]
[Round "4"]
[White "Salemgareev, Tagir"]
[Black "Tosic, Miroslav"]
[Result "1/2-1/2"]
[WhiteElo "2381"]
[BlackElo "2364"]
[Annotator "TA"]
[PlyCount "58"]
[EventDate "2018.10.06"]
[EventCountry "RUS"]
[SourceTitle "playchess.com"]
[Source "ChessBase"]
[SourceQuality "1"]

{[%evp 19,58,20,60,0,38,38,50,50,69,44,36,28,30,31,35,23,30,22,35,4,0,13,26,23,17,21,84,85,158,162,160,160,165,171,170,108,65,49,52,47,56]} 1. d4 Nf6 2. c4 g6 3. Nc3 Bg7 4. e4 d6 5. Be2 O-O 6. Be3 Na6 7. Qd2 e5 8. d5 Nc5 9. f3 Nh5 10. O-O-O a5 11. Re1 $146 {E73: Königsindisch (Awerbach-Angriff)} ({Günstiger ist} 11. Kb1 $14) ({Vorgänger:} 11. Bd3 f5 12. Bc2 Bd7 13. Nge2 Nf6 14. exf5 gxf5 15. Kb1 Qe7 16. h3 a4 17. g4 f4 18. Bxc5 dxc5 {1-0 (39) Strzemiecki,Z (2390)-Nguyen,P (2394) Warsaw 2011}) 11... f5 12. exf5 gxf5 13. Nh3 Nf6 14. Nf2 a4 15. Bxc5 dxc5 {[%cal Bd6c5,Bc5c4][%mdl 32]} 16. a3 Ne8 17. Kb1 Nd6 18. h4 Bd7 19. Bd3 b5 20. cxb5 c4 21. Bc2 Qb8 22. g4 fxg4 (22... Nxb5 $11 {hält das Gleichgewicht.} 23. Nxb5 Qxb5) 23. Rhg1 ({Viel schwächer wäre} 23. fxg4 $6 Nxb5 24. Nxb5 Qxb5 $11) 23... Rf4 (23... Nxb5 $142 24. Nxb5 Qxb5) 24. Nxg4 $16 Bxg4 25. Rxg4 ({Ein No Go ist} 25. fxg4 $6 Nxb5 26. Be4 Nxa3+ 27. Kc1 Nb5 $11) 25... Rxg4 26. fxg4 Nxb5 27. Nxb5 (27. d6 $18 Nd4 28. d7) 27... Qxb5 28. Re4 Rf8 {[#] Droht stark ...Tf1+.} 29. Qb4 Qxb4 {Precision: Weiß = 77%, Schwarz = 50%.} 1/2-1/2

[Event "Panchenko Memorial-B 2018"]
[Site "Chelyabinsk"]
[Date "2018.10.09"]
[Round "4"]
[White "Gnusarev, Pavel"]
[Black "Khusenkhojaev, Muhammad"]
[Result "0-1"]
[WhiteElo "2320"]
[BlackElo "2443"]
[Annotator "NA"]
[PlyCount "77"]
[EventDate "2018.10.06"]
[EventCountry "RUS"]
[SourceTitle "playchess.com"]
[Source "ChessBase"]
[SourceQuality "1"]

1. d4 Nf6 2. c4 g6 3. Nc3 d5 4. Bd2 c5 5. Nxd5 ({White should play} 5. cxd5 $14 Nxd5 6. dxc5) 5... Nxd5 6. cxd5 Qxd5 7. Rc1 Qxd4 8. Nf3 Qd6 9. e4 Bg7 10. e5 $17 (10. b4 $11) 10... Bxe5 11. Nxe5 Qxe5+ 12. Be2 Nc6 13. O-O O-O 14. Bf3 Rd8 15. Bxc6 bxc6 16. Bc3 Rxd1 17. Bxe5 Rxf1+ 18. Kxf1 c4 19. f4 f6 20. Bc3 Kf7 21. Kf2 Be6 22. Re1 Bd5 23. g4 c5 24. Re3 Be6 25. h3 Rd8 26. Kf3 Rd5 27. Re2 Rd3+ 28. Re3 Rd6 29. a3 a6 30. Re2 h5 31. Rd2 Rd3+ 32. Rxd3 cxd3 33. Kg3 Bb3 34. g5 Ke6 35. gxf6 exf6 36. h4 Kf5 37. Kf3 Bd5+ 38. Ke3 c4 39. Kd4 {Ke5+} 0-1

[Event "Panchenko Memorial-B 2018"]
[Site "Chelyabinsk"]
[Date "2018.10.09"]
[Round "4"]
[White "Mokin, Nikolai"]
[Black "Sitnikov, Anton"]
[Result "0-1"]
[WhiteElo "2253"]
[BlackElo "2446"]
[Annotator "TA"]
[PlyCount "98"]
[EventDate "2018.10.06"]
[EventCountry "RUS"]
[SourceTitle "playchess.com"]
[Source "ChessBase"]
[SourceQuality "1"]

{[%evp 9,98,45,58,51,73,71,68,64,72,26,29,27,21,0,0,0,-1,-15,-14,-25,27,11,42,0,0,11,11,0,0,0,17,0,13,-6,17,8,0,6,123,116,179,177,163,32,51,53,58,14,48,0,96,111,105,110,103,91,149,155,222,-173,-177,-152,-158,-158,-158,-221,-210,-258,-253,-398,-409,-420,-408,-398,-397,-488,-468,-569,-523,-662,-662,-662,-662,-647,-649,-653,-640,-597,-516,-668,-664]} 1. d4 d6 2. Nf3 Bg4 3. e3 Nd7 4. Be2 c6 5. c4 (5. O-O e5 6. h3 Bxf3 7. Bxf3 Ngf6 8. c4 e4 9. Be2 g6 10. Nc3 Bg7 11. Qc2 Qe7 12. b4 {½-½ (44) Markowski,T (2562)-Jakubiec,A (2514) Pokrzywna 2018}) 5... e6 6. e4 {A41: 1 d4 d6: Tartakower System and Modern Defence} a6 $146 ({Predecessor:} 6... e5 7. Nc3 Be7 8. Be3 Ngf6 9. d5 cxd5 10. cxd5 O-O 11. Nd2 Bxe2 12. Qxe2 a6 13. O-O Ne8 14. Rac1 Bg5 15. Nc4 Bxe3 16. Nxe3 g6 {½-½ (47) Happel,H (2129)-Djurkovic,M (2130) Rogaska Slatina 2012}) 7. O-O Ngf6 8. h3 {White is slightly better.} Bh5 9. Nbd2 e5 10. Qc2 Be7 11. Re1 O-O 12. b3 Bg6 13. dxe5 dxe5 14. Bb2 Qc7 ({Black should play} 14... Bc5) 15. Nh4 Qb6 16. Rf1 Rfe8 17. Nxg6 hxg6 18. g3 Rad8 19. Kg2 Nh7 20. Bg4 Nc5 21. Rad1 Nd3 22. Bc3 {White wants to play Nf3.} Bb4 23. Ba1 Bf8 (23... Nc5 $11) 24. Nf3 $16 Nb4 (24... Nc5 $16) 25. Qe2 $36 {[%mdl 2048] Strongly threatening a3. Black is under strong pressure.} Qa5 {[#]} 26. a4 ({White should try} 26. Nxe5 $1 $18 {Threatens to win with a3.} Nf6 27. Rxd8 Rxd8 28. a4) 26... Rxd1 27. Rxd1 Nf6 28. Ng5 Qc7 (28... Qb6 {is interesting.} 29. f4 exf4 30. gxf4 Be7 31. Bf3 c5) 29. Qf3 {Rd7! is the strong threat.} (29. f4 $5) 29... Nxg4 (29... Nc2 $11 {remains equal.}) 30. Qxg4 $16 f6 {[%cal Bf7f6,Bf6f5,Bf5g4][%mdl 32]} 31. Nf3 Qf7 32. Bc3 Na2 (32... Nc2 $142) 33. Ba5 Bc5 {[#]} (33... f5 $16 {was called for.} 34. exf5 gxf5) 34. Rd7 $4 {[%mdl 8192]} (34. Nh4 $1 $18 {avoids the disaster.}) 34... f5 $19 35. Rxf7 fxg4 36. Ng5 b6 {[%cal Bb7b6,Bb6a5][%mdl 32]} 37. Rc7 (37. Bd2 $17 Be7 38. Rxe7 gxh3+ 39. Kf3 Rxe7 40. Nxh3) 37... bxa5 38. Rxc6 Be7 39. Rxg6 (39. Re6 $142) 39... gxh3+ 40. Nxh3 Bf6 41. f4 exf4 42. Kf3 Nc3 {Black is clearly winning.} 43. Nf2 fxg3 44. Rxg3 Bh4 45. Rh3 Bxf2 46. Kxf2 Nxe4+ 47. Kg2 Nc5 48. Rg3 Kf7 49. Rg5 Nxb3 {Precision: White = 38%, Black = 46%.} 0-1

[Event "Panchenko Memorial-B 2018"]
[Site "Chelyabinsk"]
[Date "2018.10.09"]
[Round "4"]
[White "Smorchkov, Danil"]
[Black "Frolov, Artiom"]
[Result "0-1"]
[WhiteElo "2208"]
[BlackElo "2383"]
[Annotator "NA"]
[PlyCount "98"]
[EventDate "2018.10.06"]
[EventCountry "RUS"]
[SourceTitle "playchess.com"]
[Source "ChessBase"]
[SourceQuality "1"]

1. e4 c5 2. Nf3 e6 3. c3 Nf6 4. d3 Nc6 {LiveBook: 123 Games} 5. g3 {B40: Sizilianisch (Klassisches System mit e7-e6)} (5. Qe2 Be7 6. g3 O-O 7. Bg2 e5 8. O-O Re8 9. Na3 h6 10. Nc4 Bf8 11. a4 d6 12. Re1 Be6 {0-1 (37) Bartel,M (2623)-Mchedlishvili,M (2607) Germany 2015}) 5... d5 6. Qe2 Be7 7. Bg2 O-O 8. O-O b5 9. e5 Nd7 10. d4 b4 $146 ({Vorgänger:} 10... Qb6 11. Be3 b4 12. Rd1 Ba6 13. Qd2 Rac8 14. cxb4 Nxb4 15. Nc3 Qb8 {½-½ (30) Druska,R (1938)-Jursa,B (1941) Oravska Priehrada 2015}) 11. Be3 bxc3 12. bxc3 cxd4 13. cxd4 Nb4 14. Nc3 ({Better is} 14. Rc1 $15) 14... Ba6 15. Nb5 Rb8 16. a4 Nb6 17. Qd2 Nxa4 18. Nd6 Bxf1 19. Bxf1 Qd7 20. Bg5 f6 21. Bf4 Bxd6 22. exd6 a5 23. Bh3 $19 Rfe8 24. Rc1 Rbc8 25. Rc7 Rxc7 26. dxc7 Nb6 27. Qc3 Qc6 28. Qe3 Nc4 29. Qe2 Na6 30. Nd2 Nxc7 31. Nxc4 dxc4 32. Bxc7 Qxc7 33. Bxe6+ Kh8 34. d5 c3 35. Qh5 Rf8 36. d6 c2 37. dxc7 c1=Q+ 38. Kg2 Qc6+ 39. Bd5 Qxc7 40. Be4 f5 41. Bxf5 g6 42. Bxg6 Qc6+ 43. Kg1 Qxg6 44. Qxa5 Qb1+ 45. Kg2 Qe4+ 46. Kg1 Qd4 47. Qa2 Qd1+ 48. Kg2 Qf3+ 49. Kg1 Rd8 0-1

[Event "Panchenko Memorial-B 2018"]
[Site "Chelyabinsk"]
[Date "2018.10.10"]
[Round "5"]
[White "Sitnikov, Anton"]
[Black "Smorchkov, Danil"]
[Result "0-1"]
[WhiteElo "2446"]
[BlackElo "2208"]
[Annotator "TA"]
[PlyCount "98"]
[EventDate "2018.10.06"]
[EventCountry "RUS"]
[SourceTitle "playchess.com"]
[Source "ChessBase"]
[SourceQuality "1"]

{[%evp 17,98,17,0,0,6,3,6,-12,-15,-20,-21,-45,-47,-44,-31,-27,-36,-35,-27,-33,0,0,0,13,36,0,0,0,0,0,0,0,0,0,0,0,0,0,0,0,0,0,0,-8,0,-49,-34,-81,-54,-95,-6,-341,-334,-316,-305,-311,-318,-308,-273,-447,-411,-581,-593,-853,-786,-1549,-1492,-12832,-12831,-12837,-12835,-12839,-12839,-12841,-12842,-12842,-12843,-12844,-12844,-12845,-12843,-12842,-12843]} 1. e4 c5 2. Nc3 d6 3. Nge2 Nf6 4. d4 cxd4 5. Nxd4 a6 6. g3 e5 7. Nb3 Be7 8. Bg2 O-O 9. O-O Bg4 {LiveBook: 10 Games. B91: Sicilian Najdorf: 6 g3} (9... Be6 10. a4 Nbd7 11. Re1 Rc8 12. Nd2 Qc7 13. Nf1 Rfd8 14. Ne3 Bf8 15. a5 g6 16. Ncd5 Bxd5 17. exd5 Bg7 18. Ra3 Re8 {1-0 (52) Vachier Lagrave,M (2780)-Andriasian,Z (2603) chess.com INT 2018}) 10. f3 Be6 11. f4 Nbd7 {The position is equal.} 12. h3 Rc8 13. Kh2 {[#]} Bc4 $146 ({Predecessor:} 13... Qc7 14. Rf2 Rfe8 15. g4 Qb6 16. Rf1 Bc4 17. Rg1 h6 18. g5 hxg5 19. fxg5 {1-0 (55) Sitnikov,A (2433)-Kornev,A (2512) Lipetsk 2017}) 14. Rf2 b5 {[%cal Bb7b5,Bb5b4][%mdl 32]} 15. Be3 b4 16. Nd5 Nxd5 17. exd5 Bf6 18. fxe5 Bxe5 19. Nd4 $1 Re8 {White must now prevent ...Bxg3+!} 20. Qd2 Nf6 21. Nc6 Qd7 22. Nxe5 Rxe5 23. Bg5 Ne4 24. Bxe4 $1 Rxe4 25. b3 f6 $1 26. Bf4 g5 $36 {[%mdl 2048] Black has some pressure.} ({But not} 26... Bb5 $6 27. a4 $16) 27. Bxg5 fxg5 28. bxc4 Rexc4 29. Raf1 Qg7 30. Qd3 Rc3 31. Qf5 {Threatens to win with Qe6+.} Qe5 32. Qg4 Rxc2 33. h4 {[#]} R8c4 (33... R2c4 $1 $17 {[%cal Rc4g4]} 34. Rf4 Qxd5) 34. Qxg5+ $2 {[%mdl 8192]} (34. Qf3 $11 Rc8 35. Rxc2 Rxc2+ 36. Kh3) 34... Qxg5 $19 35. hxg5 $11 {[%mdl 4096] Endgame KRR-KRR} a5 36. Kh3 {[#]} Rxf2 $1 37. Rxf2 $19 {KR-KR} Rd4 38. g6 $2 (38. Rb2) 38... hxg6 39. Rf6 (39. Rc2 $142 Kf7 40. Rc6) 39... Rxd5 {Black is clearly winning.} 40. Rxg6+ Kf7 41. Rh6 Rd2 42. a3 bxa3 43. Rh4 d5 {[%cal Bd6d5,Bd5d4,Bd4d3][%mdl 32]} 44. Ra4 a2 45. Rxa5 d4 46. Kg4 Rf2 47. Kg5 d3 48. g4 Re2 49. Ra7+ Ke6 {Precision: White = 35%, Black = 78%.} 0-1